1148 1218 1546 1879 1525 1270 1511 1152 1854 1976 1188 1235 1243 1806 1133 1232 1830 1561 1247 1449 1254 1239 1616 1678 1203 1686 1585 1289 1306 1968 1082 1722 1650 1288 1722 1670 1455 1740 1299 1540 1071 1895 1147 1485 1279 1894 1652 1273 1899 1197 1299 1596 1776 1826 1753 1577 1592 1481 1655 1192 1417 1296 1702 1370 1132 1220 1434 1185 1151 1284 1376 1728 1333 1706 1173 1924 1985 1660 1790 1287 1597 1352 1322 1241 1548 1377 1387 1892 1313 1709 1496 1077 1852 1167 1767 1562 1961 1395 1451 BCNSPRNW ULIB Ver.6.0+V

เปลี่ยนเป็นภาษาไทย

Change to English
 แสดงรายละเอียดบรรณานุกรม
  กลับหน้าหลัก

Brief Record : Get Marc (ISO 2709) : E-mail record : QR code < ปิดหน้าต่าง
LEADER : 00000nas 2200000uu 4500
001    13399120115
003     ULIB
008    020711s|||| th a 000 0 tha d
022    08573336
110    โรงพยาบาลเจ้าพระยาอภัยภูเบศร
245    วารสารโรงพยาบาลเจ้าพระยาอภัยภูเบศร /^cโรงพยาบาลเจ้าพระยาอภัยภูเบศร
260    ปราจีนบุรี :^bโรงพยาบาลเจ้าพระยาอภัยภูเบศร,^cม.ป.ป.
310    ^aรายสี่เดือน
850    ^aฉบับที่ 1 ปีที่ 15
945    ^p0^l0^i900673
999    ^aวรรณษา ชูชัยมงคล
รายการนี้ยังไม่มีแท็ก
คุณยังไม่ได้ล็อกอิน คุณสามารถมีกิจกรรมร่วมกับเว็บไซต์ได้ แต่ต้องล็อกอินก่อน ::
  ล็อกอิน

รายการสื่อสารสนเทศ (วารสาร)

ดูแบบ: กล่อง รายการ
ARRIVED
ฉบับที่ 1 ปีที่ 15
สถานที่: ห้องสมุดวิทยาเขตสวรรค์ประชารักษ์ >หนังสือทั่วไป

BibComment


ยังไม่เคยถูกคอมเมนท์

คอมเมนท์ทรัพยากรรายการนี้
  คอมเมนท์: วารสารโรงพยาบาลเจ..


 Copyright 2026. Bcnsprnw @Library